| 000 | 01262nam0a22003131 4500 | ||
|---|---|---|---|
| 001 | rc\569012 | ||
| 005 | 20250621133917.0 | ||
| 010 |
_a5-268-00434-4 _9200000 |
||
| 035 | _a(NLR Aleph) 005803488 | ||
| 090 |
_a5321251 _c5321251 |
||
| 100 | _a20030616d1988 |||y0rusy50 ca | ||
| 101 | 0 | _arus | |
| 102 | _aRU | ||
| 105 | _ay ||||||||| | ||
| 200 | 1 |
_aГолодание ради здоровья _fЮ.С. Николаев, Е.И. Нилов, В.Г. Черкасов |
|
| 205 | _a2-е изд., доп. | ||
| 210 |
_aМ. _cСов. Россия _d1988 |
||
| 215 |
_a237, [2] с. _d21 |
||
| 300 | _aПеред вып. дан. 2-й авт.: Е.И. Нилов (Евгения Ильинична Гарлинская) | ||
| 320 | _aБиблиогр.: с. 236-238 | ||
| 700 | 1 |
_7ca _8rus _aНиколаев _bЮ. С. _cд-р мед. наук, лечебное голодание _f1905—1998 _gЮрий Сергеевич _9148555 _3RU\NLR\AUTH\770148591 |
|
| 701 | 1 |
_aНилов _bЕ. _gЕвгений |
|
| 701 | 1 |
_7ca _8rus _aЧеркасов _bВ. Г. _f1924-1998 _gВладимир Георгиевич _9249501 _3RU\NLR\AUTH\770249557 |
|
| 801 | 0 |
_aRU _bNLR _gpsbo |
|
| 801 | 1 |
_aRU _bELAR _2rusmarc |
|
| 852 |
_aNLR _j88-3/6999 |
||
| 942 | _cBOOK | ||
| 980 | _aNB | ||